载入...

Atal Behari Vajpayee

书目详细资料
主要作者: Narayanan
语言:Undetermined
主题:
LEADER 00424nab a2200133Ia 4500
008 170811c99999999xx |||||||||||| ||und||
100 |a Narayanan 
245 |a Atal Behari Vajpayee 
300 |a 35-37 
653 |a Vajpayee 
773 |t Bhavan's Journal   |g Vol. 59 No. 1 (August 15) 2012 
942 |c ART 
999 |c 179361  |d 179361 
952 |0 0  |1 0  |4 0  |7 0  |9 245209  |a LIB  |b LIB  |d 2017-08-13  |h Vol. 59 No. 1 (August 15) 2012  |r 2017-08-13  |w 2017-08-13  |y ART